[Event "Schloss op 1st"]
[Site "Heusenstamm"]
[Date "2014.11.23"]
[Round "7.43"]
[White "Deppe, Leo"]
[Black "Berkes, Joerg"]
[Result "0-1"]
[WhiteElo "1610"]
[BlackElo "1775"]
[PlyCount "116"]
[EventDate "2014.11.??"]
[EventType "swiss"]
[EventRounds "7"]
[EventCountry "GER"]
[WhiteTeam "SC Bad Soden"]
[BlackTeam "SK Langen"]

1. d4 Nf6 2. Bg5 Ne4 3. Bf4 g5 4. Bg3 d5 5. e3 Nxg3 6. hxg3 Bf5 7. Bd3 Qd7 8.
Nf3 Bg4 9. Rxh7 Rxh7 10. Bxh7 Qb5 11. Qc1 Bxf3 12. gxf3 c5 13. dxc5 Bg7 14. c3
Nc6 15. Nd2 O-O-O 16. Bf5+ e6 17. Bh3 Rh8 18. Bf1 Rh1 19. c4 dxc4 20. Qxc4 Qxb2
21. Rb1 Qc3 22. Rb3 Qf6 23. Qb5 Qe7 24. Nc4 Be5 25. f4 gxf4 26. gxf4 Bb8 27.
Ke2 Nd8 28. e4 Qd7 29. Qxd7+ Kxd7 30. e5 Rh4 31. Ke3 Rh2 32. Bd3 a6 33. Nd6 Kc7
34. Be4 Ba7 35. Nxb7 Rh3+ 36. f3 Nc6 37. Bxc6 Kxc6 38. Nd8+ Kd5 39. Rd3+ Kc4
40. Rd2 Bxc5+ 41. Ke2 Rh2+ 42. Kd1 Rh1+ 43. Ke2 Bb4 44. Rd1 Rh2+ 45. Kf1 Rxa2
46. Nxf7 a5 47. Rd6 Bxd6 48. exd6 Rd2 49. d7 a4 50. d8=Q Rxd8 51. Nxd8 a3 52.
Nxe6 a2 53. Kf2 a1=Q 54. Kg2 Qf6 55. Ng5 Qxf4 56. Ne4 Kd4 57. Kf2 Qh2+ 58. Kf1
Ke3 0-1

[Event "Schloss op 1st"]
[Site "Heusenstamm"]
[Date "2014.11.23"]
[Round "7.44"]
[White "Hinrichs, Niklas"]
[Black "Voeller, Lothar"]
[Result "1-0"]
[WhiteElo "1802"]
[BlackElo "1715"]
[PlyCount "118"]
[EventDate "2014.11.??"]
[EventType "swiss"]
[EventRounds "7"]
[EventCountry "GER"]
[WhiteTeam "SK Bingen"]
[BlackTeam "FS Dortmund"]

1. d4 f5 2. c4 Nf6 3. Nc3 e6 4. Nf3 Be7 5. Bf4 O-O 6. e3 d6 7. Bd3 b6 8. Qc2 a5
9. h3 Na6 10. a3 Qe8 11. O-O-O Bb7 12. Rhg1 c5 13. Nb5 Ne4 14. g4 cxd4 15.
Nfxd4 e5 16. Ne6 Rf7 17. gxf5 exf4 18. Bxe4 Bxe4 19. Qxe4 Nc5 20. Nxc5 bxc5 21.
Nc7 Qa4 22. Qxa8+ Rf8 23. Qd5+ Kh8 24. Nb5 fxe3 25. fxe3 Qb3 26. Kb1 Bf6 27.
Rg2 Qxe3 28. Qd3 Qe8 29. Re2 Qh5 30. Nxd6 Rb8 31. Nb5 Qh4 32. Qe4 Qh5 33. Qg4
Qf7 34. Red2 Qb7 35. Rd7 Qc6 36. Ka2 h6 37. Qe2 a4 38. R7d6 Re8 39. Rxc6 Rxe2
40. Rxf6 gxf6 41. Nc3 Rh2 42. Rd7 Rxh3 43. Nd5 Kg8 44. Nxf6+ Kf8 45. Rc7 h5 46.
Nxh5 Rxh5 47. Rxc5 Kf7 48. Ra5 Kf6 49. Ra6+ Kf7 50. Rxa4 Rxf5 51. Kb3 Ke7 52.
Kb4 Kd6 53. Ra6+ Kc7 54. b3 Kb7 55. Rd6 Rh5 56. Rd5 Rh4 57. a4 Ka6 58. Rd6+ Ka7
59. Kb5 Rh5+ 1-0

[Event "Schloss op 1st"]
[Site "Heusenstamm"]
[Date "2014.11.23"]
[Round "7.45"]
[White "Kirchner, Markus"]
[Black "Bunjaku, Lulzim"]
[Result "0-1"]
[WhiteElo "1451"]
[BlackElo "1802"]
[PlyCount "84"]
[EventDate "2014.11.??"]
[EventType "swiss"]
[EventRounds "7"]
[EventCountry "GER"]
[WhiteTeam "SF Schoeneck"]
[BlackTeam "SC Heusenstamm"]

1. e4 c5 2. Nf3 Nc6 3. d4 cxd4 4. Nxd4 e5 5. Nb5 d6 6. N1c3 f5 7. Bd3 f4 8. Nd5
Nf6 9. Nbc7+ Kf7 10. Nxa8 Nxd5 11. exd5 Ne7 12. Qf3 h5 13. Bd2 Bg4 14. Qe4 Qxa8
15. Qc4 b6 16. f3 Bf5 17. Be4 Qb7 18. O-O-O g6 19. Bb4 Qd7 20. h4 Bh6 21. Kb1
a5 22. Bd2 b5 23. Qe2 b4 24. Qa6 Qc7 25. Qd3 Rb8 26. Qb3 Qa7 27. Be1 Bd7 28. a4
Rc8 29. Rd2 Nf5 30. Bf2 Qc7 31. Qd3 Kf6 32. b3 Ne7 33. Qa6 Rb8 34. Rdd1 Bc8 35.
Qe2 Nf5 36. g4 fxg3 37. Bxf5 Bxf5 38. Bxg3 Rc8 39. Rh2 Qc3 40. Be1 Qxb3+ 41.
Ka1 Qa3+ 42. Kb1 b3 0-1

[Event "Schloss op 1st"]
[Site "Heusenstamm"]
[Date "2014.11.23"]
[Round "7.46"]
[White "Pruemm, Stephan"]
[Black "Ruell, Michael"]
[Result "1-0"]
[WhiteElo "1342"]
[BlackElo "1782"]
[PlyCount "63"]
[EventDate "2014.11.??"]
[EventType "swiss"]
[EventRounds "7"]
[EventCountry "GER"]
[WhiteTeam "SC Heusenstamm"]
[BlackTeam "SC 1952 Obertshausen"]

1. e4 c5 2. Nc3 Nc6 3. f4 g6 4. Nf3 Bg7 5. Bc4 e6 6. Nb5 d6 7. a4 Nge7 8. d4 a6
9. d5 exd5 10. exd5 Nb4 11. Na3 Bd7 12. c3 b5 13. axb5 axb5 14. Bb3 Na6 15. c4
O-O 16. cxb5 Nc7 17. b6 Nb5 18. b7 Rxa3 19. Rxa3 Nxa3 20. b8=R Qxb8 21. bxa3
Qb6 22. Nd2 Rb8 23. Ba2 Bd4 24. Nc4 Qa6 25. Be3 Bc3+ 26. Kf2 Bb5 27. Qb3 Bg7
28. Rb1 Nxd5 29. a4 Nxe3 30. Nxe3 Bd4 31. Qxf7+ Kh8 32. Rxb5 1-0

[Event "Schloss op 1st"]
[Site "Heusenstamm"]
[Date "2014.11.23"]
[Round "7.47"]
[White "Libuda, Thomas"]
[Black "Muegendt, Brian Christopher"]
[Result "0-1"]
[WhiteElo "1924"]
[BlackElo "1622"]
[PlyCount "38"]
[EventDate "2014.11.??"]
[EventType "swiss"]
[EventRounds "7"]
[EventCountry "GER"]
[WhiteTeam "1 Hainstaedter SC 1950"]
[BlackTeam "SC Heusenstamm"]

1. d4 Nf6 2. Nf3 g6 3. e3 d6 4. Be2 Bg7 5. c4 O-O 6. O-O Nbd7 7. Nc3 e5 8. dxe5
Nxe5 9. Qc2 Bf5 10. Qb3 Ne4 11. Nxe4 Bxe4 12. Nd2 Bc6 13. Qc2 Qg5 14. e4 Ng4
15. h3 Ne3 16. fxe3 Qxe3+ 17. Kh1 Qxe2 18. a4 f5 19. exf5 Qxg2# 0-1

[Event "Schloss op 1st"]
[Site "Heusenstamm"]
[Date "2014.11.23"]
[Round "7.48"]
[White "Krastev, Ivan"]
[Black "Kirchner, Stefan"]
[Result "1-0"]
[WhiteElo "1742"]
[BlackElo "1481"]
[PlyCount "71"]
[EventDate "2014.11.??"]
[EventType "swiss"]
[EventRounds "7"]
[EventCountry "GER"]
[WhiteTeam "Sfr Biebertal"]
[BlackTeam "SF Schoeneck"]

1. e4 e6 2. d4 d5 3. Nd2 Nf6 4. e5 Nfd7 5. Bd3 c5 6. c3 Nc6 7. Ne2 Qb6 8. Nf3
Be7 9. O-O f6 10. Qc2 Nf8 11. dxc5 Bxc5 12. exf6 gxf6 13. b4 Bd6 14. Re1 Qc7
15. g3 e5 16. Bf5 e4 17. Bxc8 Qxc8 18. Ned4 Ne5 19. Nxe5 Bxe5 20. Be3 Qd7 21.
c4 Rc8 22. c5 Ne6 23. Rad1 Ng5 24. Bxg5 fxg5 25. Qe2 h5 26. Qb5 Bxd4 27. Qxd7+
Kxd7 28. Rxd4 Ke6 29. f3 Ke5 30. Red1 exf3 31. Rxd5+ Kf6 32. Rd6+ Kf5 33. R1d5+
Kg4 34. Rg6 f2+ 35. Kxf2 Rhf8+ 36. Kg2 1-0

[Event "Schloss op 1st"]
[Site "Heusenstamm"]
[Date "2014.11.23"]
[Round "7.49"]
[White "Wilk, David"]
[Black "Gelfenbaum, Daniel"]
[Result "1/2-1/2"]
[WhiteElo "1525"]
[BlackElo "1715"]
[PlyCount "87"]
[EventDate "2014.11.??"]
[EventType "swiss"]
[EventRounds "7"]
[EventCountry "GER"]
[WhiteTeam "SF Mainz"]
[BlackTeam "TuS Makkabi Frankfurt"]

1. e4 c6 2. c4 d5 3. cxd5 cxd5 4. exd5 Nf6 5. Nc3 Qc7 6. Nf3 Nbd7 7. d4 Nb6 8.
Ne5 a6 9. Be3 Nbxd5 10. Rc1 Qa5 11. Nc4 Qd8 12. Be2 e6 13. O-O b5 14. Ne5 Bb7
15. Nxd5 Nxd5 16. a4 b4 17. Nc6 Qb6 18. a5 Qxc6 19. Rxc6 Bxc6 20. Bf3 Bd6 21.
Bxd5 Bxd5 22. Qa4+ Ke7 23. Bd2 Rab8 24. Bg5+ f6 25. Bh4 Rhc8 26. Bg3 Rc4 27.
Bxd6+ Kxd6 28. Qd1 Rb5 29. Qg4 Rb7 30. Qg3+ Kc6 31. Qd3 g6 32. b3 Rc3 33. Qxa6+
Kc7 34. Qe2 Bxb3 35. Qe4 f5 36. Qe5+ Kd7 37. a6 Rb6 38. a7 Rc8 39. Qg7+ Kd6 40.
Qe5+ Kd7 41. Ra1 Bd5 42. h3 b3 43. Qg7+ Kd6 44. Qe5+ 1/2-1/2

[Event "Schloss op 1st"]
[Site "Heusenstamm"]
[Date "2014.11.23"]
[Round "7.50"]
[White "Masoudi, Kian"]
[Black "Guenther, Rainer"]
[Result "1-0"]
[WhiteElo "1178"]
[BlackElo "1644"]
[PlyCount "69"]
[EventDate "2014.11.??"]
[EventType "swiss"]
[EventRounds "7"]
[EventCountry "GER"]
[WhiteTeam "SC Bergen Enkheim 1922"]
[BlackTeam "SV Mainz Mombach"]

1. d4 Nf6 2. Nf3 e6 3. Bf4 d5 4. e3 Bd6 5. Bg3 O-O 6. Nbd2 Nbd7 7. Bd3 Re8 8.
Ne5 Nf8 9. Ndf3 c5 10. c3 c4 11. Bc2 Bb8 12. Ng5 Bxe5 13. dxe5 Ne4 14. Nf3 f5
15. exf6 Nxf6 16. Be5 Ng4 17. Qd4 Nxe5 18. Qxe5 Qf6 19. Qh5 g6 20. Qh6 e5 21.
e4 dxe4 22. Bxe4 Bf5 23. Bd5+ Be6 24. Bxe6+ Nxe6 25. O-O e4 26. Nd2 Nf4 27.
Rae1 Qf5 28. Nxc4 Rad8 29. Ne3 Qf7 30. Qg5 Nd3 31. Re2 Re5 32. Qxd8+ Kg7 33.
Qd4 Kg8 34. Ng4 Qe7 35. Nxe5 1-0

[Event "Schloss op 1st"]
[Site "Heusenstamm"]
[Date "2014.11.23"]
[Round "7.52"]
[White "Koellner, Aaron Noah"]
[Black "Firinci, Erdem"]
[Result "0-1"]
[WhiteElo "1325"]
[BlackElo "1633"]
[PlyCount "126"]
[EventDate "2014.11.??"]
[EventType "swiss"]
[EventRounds "7"]
[EventCountry "GER"]
[WhiteTeam "SV Bergneustadt/Derschlag"]
[BlackTeam "Sfr Heusenstam"]

1. d4 Nf6 2. Nf3 d5 3. e3 Nc6 4. c4 e6 5. c5 Be7 6. Bb5 Bd7 7. Nc3 O-O 8. O-O
a6 9. Bd3 b6 10. cxb6 cxb6 11. a3 Bd6 12. Qe2 b5 13. b4 e5 14. e4 dxe4 15. Nxe4
Nxe4 16. Bxe4 exd4 17. Qd3 g6 18. Nxd4 Rc8 19. Bb2 Ne5 20. Qb3 Nc4 21. Bc1 Be5
22. Rd1 Qh4 23. Nf3 Qxe4 24. Nxe5 Qxe5 25. Bh6 Rfd8 26. f4 Qe3+ 27. Qxe3 Nxe3
28. Rd3 Nf5 29. Bg5 Re8 30. Rxd7 Kg7 31. g4 Ne3 32. h3 Nc4 33. Re7 Rxe7 34.
Bxe7 Re8 35. Bc5 a5 36. bxa5 Nxa5 37. a4 Nb3 38. Rb1 Nxc5 39. axb5 Rb8 40. Kf2
Ne6 41. Ke3 Kf6 42. b6 Ke7 43. f5 gxf5 44. gxf5 Ng7 45. Ke4 Kd6 46. f6 Ne6 47.
Rd1+ Kc6 48. Ke5 Rd8 49. Rxd8 Nxd8 50. Kf5 Ne6 51. Kg4 Kxb6 52. Kh5 Kc6 53. Kh6
Kd5 54. h4 Ke5 55. h5 Kxf6 56. Kxh7 Kg5 57. h6 f5 58. Kg8 Kxh6 59. Kh8 f4 60.
Kg8 f3 61. Kh8 f2 62. Kg8 f1=Q 63. Kh8 Qf8# 0-1

[Event "Schloss op 1st"]
[Site "Heusenstamm"]
[Date "2014.11.23"]
[Round "7.53"]
[White "Burow, Roger"]
[Black "Mogler, Michael"]
[Result "1-0"]
[WhiteElo "1628"]
[BlackElo "1115"]
[PlyCount "43"]
[EventDate "2014.11.??"]
[EventType "swiss"]
[EventRounds "7"]
[EventCountry "GER"]
[WhiteTeam "SV 1920 Kelsterbach"]
[BlackTeam "TuS Makkabi Frankfurt"]

1. Nf3 Nc6 2. d4 d5 3. Bf4 Nf6 4. e3 Bf5 5. c4 e6 6. c5 Ne4 7. Bb5 Qd7 8. Ne5
Be7 9. Nxd7 Kxd7 10. O-O a6 11. Ba4 h5 12. h3 g5 13. Bh2 Bg6 14. f3 Nf6 15. Nc3
Nh7 16. e4 dxe4 17. fxe4 f5 18. exf5 exf5 19. b4 b5 20. Nxb5 axb5 21. Bxb5 g4
22. d5 1-0

[Event "Schloss op 1st"]
[Site "Heusenstamm"]
[Date "2014.11.23"]
[Round "7.54"]
[White "Idrissi, Mourad"]
[Black "Koellner, Ruben Gideon"]
[Result "0-1"]
[WhiteElo "1085"]
[BlackElo "1529"]
[PlyCount "148"]
[EventDate "2014.11.??"]
[EventType "swiss"]
[EventRounds "7"]
[EventCountry "GER"]
[BlackTeam "SV Bergneustadt/Derschlag"]

1. e4 e5 2. f4 d6 3. Nf3 Nc6 4. Bb5 exf4 5. d4 Bd7 6. O-O g6 7. Bxf4 Bg7 8. Bg5
Nge7 9. Nc3 h6 10. Bh4 a6 11. Bc4 O-O 12. Nd5 Be6 13. Nxe7+ Nxe7 14. d5 Bd7 15.
c3 Bb5 16. Bd3 Bxd3 17. Qxd3 Qd7 18. Bg3 Rfe8 19. Rae1 Rad8 20. Qd2 Nc8 21. e5
Qb5 22. Re4 dxe5 23. c4 Qb6+ 24. Bf2 Qd6 25. Bg3 Nb6 26. Rfe1 Nd7 27. Qc3 f5
28. R4e2 e4 29. Qxg7+ Kxg7 30. Bxd6 cxd6 31. Nd4 Nc5 32. b4 Nd3 33. Rd1 Kf6 34.
a3 Kf7 35. g3 Rc8 36. Rc2 Kf6 37. b5 Rb8 38. Rb1 g5 39. Ne6 f4 40. Re2 e3 41.
Rf1 Ke5 42. gxf4+ gxf4 43. Nxf4 Nxf4 44. Rxe3+ Kf5 45. Rh3 Ke5 46. Rxh6 axb5
47. cxb5 Rg8+ 48. Kh1 Rg6 49. Rh4 Rf6 50. Re1+ Kxd5 51. Rd1+ Kc5 52. Rf1 Rbf8
53. a4 d5 54. Rg4 Ne6 55. Rc1+ Kd6 56. a5 Rf1+ 57. Rxf1 Rxf1+ 58. Kg2 Ra1 59.
a6 b6 60. h4 Kc5 61. h5 Ra2+ 62. Kg1 d4 63. h6 d3 64. Kf1 Ra1+ 65. Kf2 d2 66.
h7 d1=Q 67. h8=Q Ra2+ 68. Kg3 Qg1+ 69. Kf3 Ra3+ 70. Ke2 Qxg4+ 71. Kd2 Ra2+ 72.
Ke3 Qd4+ 73. Qxd4+ Nxd4 74. Kd3 Nxb5 0-1

[Event "Schloss op 1st"]
[Site "Heusenstamm"]
[Date "2014.11.23"]
[Round "7.55"]
[White "Senatov, Boris"]
[Black "Kremenetskiy, Igor"]
[Result "1/2-1/2"]
[WhiteElo "1213"]
[BlackElo "1345"]
[PlyCount "80"]
[EventDate "2014.11.??"]
[EventType "swiss"]
[EventRounds "7"]
[EventCountry "GER"]
[WhiteTeam "SC Heusenstamm"]
[BlackTeam "Sfr Heusenstam"]

1. e4 g6 2. d4 Bg7 3. Nf3 d6 4. c4 Nc6 5. Be3 Bg4 6. Be2 Nf6 7. Nc3 O-O 8. O-O
a6 9. h3 Bxf3 10. Bxf3 e5 11. dxe5 Nxe5 12. Be2 Nc6 13. a3 h6 14. f4 Qe8 15.
Bd3 Rd8 16. h4 b5 17. cxb5 axb5 18. Bd2 Na7 19. f5 Qe5 20. Be3 h5 21. Bxa7 Ng4
22. Qxg4 hxg4 23. Bxb5 Qe7 24. Bf2 Bxc3 25. bxc3 Qe5 26. a4 g3 27. Bd4 Qxe4 28.
Bf6 Qg4 29. a5 Rb8 30. Bc6 gxf5 31. Bd7 Qe4 32. Bxf5 Qe3+ 33. Kh1 Rbe8 34. a6
Qa7 35. Bd4 c5 36. Bf6 Re6 37. Bxe6 fxe6 38. Rf3 Kh7 39. c4 Rxf6 40. Rxf6 Kg7
1/2-1/2

[Event "Schloss op 1st"]
[Site "Heusenstamm"]
[Date "2014.11.23"]
[Round "7.56"]
[White "Held, Gerd"]
[Black "Wendel, Joachim"]
[Result "0-1"]
[WhiteElo "1454"]
[BlackElo "1331"]
[PlyCount "54"]
[EventDate "2014.11.??"]
[EventType "swiss"]
[EventRounds "7"]
[EventCountry "GER"]
[WhiteTeam "SC Gross Zimmern"]
[BlackTeam "SV 1920 Hofheim"]

1. c4 e5 2. g3 Bc5 3. Bg2 Nf6 4. Nc3 d6 5. Nf3 Be6 6. d3 h6 7. O-O O-O 8. a3
Nc6 9. b4 Bb6 10. Na4 Rb8 11. c5 dxc5 12. bxc5 Ba5 13. Bb2 Nd4 14. Nxe5 Bb3 15.
Qb1 Nxe2+ 16. Kh1 Bxa4 17. Nc4 b6 18. d4 Bc3 19. Bxc3 Nxc3 20. Qb4 Qxd4 21.
Rac1 Nfd5 22. Bxd5 Qxd5+ 23. f3 Na2 24. Qxa4 Nxc1 25. Rxc1 b5 26. Qd1 Qxd1+ 27.
Rxd1 bxc4 0-1

[Event "Schloss op 1st"]
[Site "Heusenstamm"]
[Date "2014.11.23"]
[Round "7.58"]
[White "Leichum, Engelbert"]
[Black "Roytblat, David"]
[Result "1-0"]
[WhiteElo "1745"]
[BlackElo "1042"]
[PlyCount "67"]
[EventDate "2014.11.??"]
[EventType "swiss"]
[EventRounds "7"]
[EventCountry "GER"]
[BlackTeam "SC Heusenstamm"]

1. e4 e5 2. Nf3 Nc6 3. Bc4 Bc5 4. b4 Bxb4 5. c3 Bc5 6. d4 exd4 7. cxd4 Bb4+ 8.
Bd2 Bxd2+ 9. Qxd2 Nf6 10. O-O Nxe4 11. Re1 d5 12. Bb3 O-O 13. Qc1 Nf6 14. Nc3
Bg4 15. Ne5 Nxd4 16. Nxg4 Nxb3 17. Nxf6+ Qxf6 18. axb3 c6 19. Re3 a6 20. Qc2
Rfe8 21. Rh3 h6 22. Rf1 Qe7 23. Qd2 Qg5 24. f4 Qf6 25. f5 Rad8 26. Ne2 d4 27.
Rd3 c5 28. Ng3 Qg5 29. Rf4 b6 30. h4 Qe7 31. Kf2 a5 32. f6 gxf6 33. Rg4+ Kh8
34. Qxh6# 1-0

[Event "Schloss op 1st"]
[Site "Heusenstamm"]
[Date "2014.11.23"]
[Round "7.62"]
[White "Zint, Timo"]
[Black "Fey, Karl-Heinz"]
[Result "1-0"]
[WhiteElo "787"]
[BlackElo "884"]
[PlyCount "69"]
[EventDate "2014.11.??"]
[EventType "swiss"]
[EventRounds "7"]
[EventCountry "GER"]
[WhiteTeam "SC Heusenstamm"]
[BlackTeam "SC Hassloch"]

1. e4 Nc6 2. Nc3 e5 3. Nf3 Bb4 4. Bc4 Bxc3 5. dxc3 d6 6. Ng5 Nh6 7. O-O g6 8.
Nf3 Ng4 9. h3 Nf6 10. Bg5 h6 11. Bh4 g5 12. Nxg5 hxg5 13. Bxg5 Be6 14. Bxe6
fxe6 15. b4 b5 16. a4 Rf8 17. axb5 Nb8 18. Bxf6 Rxf6 19. Qh5+ Ke7 20. Qh7+ Rf7
21. Qh4+ Rf6 22. g4 Kd7 23. g5 Rf4 24. Qh5 Rxe4 25. f3 Rf4 26. g6 d5 27. Qh7+
Kd6 28. g7 Rf8 29. gxf8=Q+ Qxf8 30. Qh4 Nd7 31. f4 e4 32. f5 exf5 33. Qf4+ Ne5
34. Ra6+ c6 35. Rxc6+ 1-0